Reflexiones sobre el espacio, la fuerza y la materia

Saved in:
Bibliografiske detaljer
Hovedforfatter: Euler, Leonhard (Author)
Format: Bog
Sprog:spansk
Udgivet: Madrid Alianza 1985
Serier:El Libro de Bolsillo, 1100
Fag:
Tags: Tilføj Tag
Ingen Tags, Vær først til at tagge denne postø!

MARC

LEADER 00000nam a2200000 a 4500
001 UCV7541
003 CL-VaPUC
008 880816e19850000SP |||||||||||||||||spa|d
082 0 4 |a 530  |b EUL  |2 21 
100 0 |a Euler, Leonhard  |e author  |9 301668 
245 1 0 |a Reflexiones sobre el espacio, la fuerza y la materia 
300 |a 185 p 
942 |c BK 
945 |d 19880816 00:00:00 
260 |a Madrid  |b Alianza  |c 1985 
650 0 |a Materia  |9 265041 
650 0 |a Espacio y tiempo  |9 265042 
650 7 |a ENERGIA MECANICA  |2 CL-VaPUC  |9 265043 
650 0 |a Física   |9 227844 
583 |a last modification  |c 19880816 00:00:00  |k Rodrigo Vera 
490 0 |a El Libro de Bolsillo, 1100 
999 |c 213199  |d 213197 
952 |0 0  |1 0  |4 0  |6 530_000000000000000_EUL_1985  |7 0  |8 P  |9 195324  |a BIBARQ  |b BIBARQ  |d 2019-11-14  |i 2633914  |o 530 EUL 1985  |p 2633914  |r 2025-01-20  |w 2019-11-14  |y BK  |k ARQ 
952 |0 0  |1 0  |4 0  |6 530_000000000000000_EUL_1985  |7 0  |8 A  |9 195325  |a BIBCUR  |b BIBCUR  |d 2019-11-14  |i 3179044  |l 2  |o 530 EUL 1985  |p 3179044  |r 2025-04-22  |s 2022-03-30  |w 2019-11-14  |y BK  |k BCB 
952 |0 0  |1 0  |4 0  |6 530_000000000000000_EUL_1985  |7 0  |8 A  |9 195326  |a BIBCUR  |b BIBCUR  |d 2019-11-14  |i 3638863  |l 1  |m 1  |o 530 EUL 1985  |p 3638863  |r 2025-04-22  |s 2024-10-21  |w 2019-11-14  |y BK  |k FIS